Gemeinden am Oberen Mittelrheintal auf der Karte - Statistiken

Allgemein
  • Dieses Quiz wurde 34 mal gespielt
  • Das Durchschnittsergebnis liegt bei 10 aus 24
Antworten auf der Karte
Die Antworten werden auf der Karte rot bzw. grün angezeigt, abhängig davon wie oft sie richtig erraten wurden.
 
Antwortstatistiken
Antwort % Korrekt
Koblenz
97%
Bingen
84%
Sankt Goar
81%
Boppard
78%
Sankt Goarshausen
78%
Lahnstein
59%
Oberwesel
59%
Rüdesheim
59%
Kaub
56%
Bacharach
53%
Spay
41%
Rhens
38%
Braubach
34%
Lorch
31%
Osterspai
28%
Trechtingshausen
28%
Filsen
25%
Brey
16%
Kamp-Bornhofen
16%
Kestert
13%
Niederheimbach
13%
Urbar
9%
Weiler bei Bingen
3%
Oberdiebach
0%
Keine übereinstimmenden Quizze gefunden
Verteilung der Resultate
Anzahl Personen mit jedem Resultat
Perzentil nach korrekt beantworteten Fragen
Ihre Resultats-Entwicklung
Sie haben dieses Quiz noch nicht gespielt